Novela nového zákonníka práce

Informácia o zmene základnej pracovnoprávnej normy riešiacej zúženie dôkazového bremena, znovuvytvorenie pracovného miesta, prestávky v práci, dohody o pracovnej činnosti a maximálny týždenný pracovný čas.

Guardado en:
Detalles Bibliográficos
Autor principal: Vojnárová, Anna
Formato: Capítulo de libro
Lenguaje:eslovaco
Materias:
Etiquetas: Agregar Etiqueta
Sin Etiquetas, Sea el primero en etiquetar este registro!

MARC

LEADER 00000naa a2200000 4500
001 r045318
005 20231003082512.4
041 0 |a slo 
044 |a SK 
245 1 0 |a Novela nového zákonníka práce  |c Anna Vojnarová 
520 |a Informácia o zmene základnej pracovnoprávnej normy riešiacej zúženie dôkazového bremena, znovuvytvorenie pracovného miesta, prestávky v práci, dohody o pracovnej činnosti a maximálny týždenný pracovný čas. 
610 2 0 |a zákonník práce 
610 2 0 |a novelizácia 
610 2 0 |a miesta pracovné 
610 2 0 |a čas pracovný 
610 2 0 |a prestávky pracovné 
610 2 0 |a vzťahy pracovnoprávne 
610 2 0 |a Slovensko 
100 1 |a Vojnárová, Anna